| 000 | 00630nam a22001937a 4500 | ||
|---|---|---|---|
| 005 | 20251108164131.0 | ||
| 008 | 250721s1991 xx 000 0 ara d | ||
| 082 | 1 | 4 | _a210.966/حسن |
| 100 | 1 | _aعبد الظاهر، حسن عيسى | |
| 245 | 1 | 0 | _aالدعوة الإسلامية في غرب إفريقية و قيام دولة الفولاني / |
| 264 | 1 |
_aالقاهرة : _bالزهراء للإعلام العربي، _c1991. |
|
| 300 | _a428ص. | ||
| 650 | 1 | 7 | _aالإسلام |
| 650 | 1 | 7 | _aالتاريخ |
| 650 | 1 | 7 | _aإفريقيا |
| 650 | 1 | 7 | _aأفريقيا الغربية |
| 942 |
_2ddc _cBK |
||
| 999 |
_c4479 _d4479 |
||